1992: NFL Teams with the Least Points - Statistics

General Stats
  • This quiz has been taken 7 times
  • The average score is 9 of 10
Answer Stats
Number of points NFL Team % Correct
205 New England Patriots
100%
140 Seattle Seahawks
100%
272 Cleveland Browns
83%
262 Denver Broncos
83%
273 Detroit Lions
83%
238 Los Angeles Raiders
83%
220 New York Jets
83%
243 Phoenix Cardinals
83%
267 Tampa Bay Buccaneers
83%
216 Indianapolis Colts
67%
No matching quizzes found
Score Distribution
Percent of People with Each Score
Percentile by Number Answered
Your Score History
You have not taken this quiz